When breath becomes air (Registro nro. 21648)

Detalles MARC
000 -Cabecera
Campo de control interno 01082nam a2200241Ia 4500
005 - Fecha y hora del registro
control field 20260422122059.0
008 - Elementos de Longitud Fija
fixed length control field 260320s9999||||xx |||||||||||||| ||und||
020 ## - ISBN
ISBN 9781784701994
041 ## - Idioma
Codigo Idioma Inglés
082 ## - DEWEY y NOTACIÓN INTERNA
Dewey 616.994240092
Notación Interna K18
100 ## - AUTOR
Autor denominación Kalanithi, Paul,
Término de relación autor
245 #0 - TÍTULO DE MATERIAL BIBLIOGRÁFICO
Título When breath becomes air
260 ## - CIUDAD, EDITORIAL, AÑO
Ciudad London :
Nombre de la Editorial Vintage,
Año 2017
300 ## - DESCRIPCIÓN
N° Páginas xix, 228 páginas :
Dimensiones 20 cm.
650 ## - TEMAS
Temas Tecnología (Ciencias Aplicadas)
653 ## - DESCRIPTORES
Lenguajes no controlado Kalanithi, Paul - Biografía; Neurocirujanos - Estados Unidos; Paciente con cáncer de pulmón; Mortalidad
654 ## - PROGRAMAS
Programa Dpto. de Ciencias de la Salud
856 ## - URL - UBICACIÓN
URI/URL: Enlace exacto del recurso <a href="https://0u216xhg7-y-https-accessmedicina-mhmedical-com.itmsp.museknowledge.com/book.aspx?bookid=3499">https://0u216xhg7-y-https-accessmedicina-mhmedical-com.itmsp.museknowledge.com/book.aspx?bookid=3499</a>
Nota pública: Versión digital <a href="Véase además: Levitzky. Fisiología pulmonar. Versión digital">Véase además: Levitzky. Fisiología pulmonar. Versión digital</a>
856 ## - URL - UBICACIÓN
URI/URL: Enlace exacto del recurso <a href="https://0u216xhg7-y-https-accessmedicina-mhmedical-com.itmsp.museknowledge.com/">https://0u216xhg7-y-https-accessmedicina-mhmedical-com.itmsp.museknowledge.com/</a>
Nota pública: Versión digital <a href="Véase además: Base de datos McGraw Hill Access Medicina">Véase además: Base de datos McGraw Hill Access Medicina</a>
856 ## - URL - UBICACIÓN
URI/URL: Enlace exacto del recurso <a href="https://0u23fxhp8-y-https-www-clinicalkey-com.itmsp.museknowledge.com/student/login">https://0u23fxhp8-y-https-www-clinicalkey-com.itmsp.museknowledge.com/student/login</a>
Nota pública: Versión digital <a href="Véase además: Base de datos ClinicalKey">Véase además: Base de datos ClinicalKey</a>
942 ## - ELEMENTOS DE KOHA
Tipo de documento Libro
Nombre del creador Justo Noguera
Código de catalogador Margarita Torres
Esquema de clasificación Dewey Decimal Classification
Existencias
Codigo completo Registro Colección Copia número Disponibilidad Tipo de préstamo Biblioteca Actual Procedencia (Biblioteca) Ubicacón Fecha Ingreso Tipo de Adquisición Observación Date last seen Total checkouts Price effective from Tipo de Item Estado del Material Fuente de Clasificación Damaged status Withdrawn status
616.994240092 K18 1085195 Universidad Católica San Pablo 1 Disponible Disponible Víctor Andrés Belaunde Víctor Andrés Belaunde Planta baja abierta 10/03/2026 Compra Medicina 20/03/2026   20/03/2026 Libro Bueno Dewey Decimal Classification